| 000 | 00870nam a22002777a 4500 | ||
|---|---|---|---|
| 005 | 20220817043020.0 | ||
| 008 | 971010s1987 r 00010 d | ||
| 010 | _a62816 | ||
| 011 | _a63788 | ||
| 035 | _a68157 | ||
| 082 |
_a636.08 _bV35 |
||
| 100 | 0 | 0 |
_aVan Vleck, Lloyd Dale. _9117819 |
| 245 | _aGenetics for the animal sciences | ||
| 260 |
_aNew York : _bFreeman, _c1987 |
||
| 300 | _a391 p. | ||
| 590 |
_aBATCH-UPD _b10 _c20130110 _lUCH01 _h0832 |
||
| 590 |
_aBATCH-UPD _b10 _c20130410 _lUCH01 _h0510 |
||
| 590 |
_aBATCH-UPD _b10 _c20130914 _lUCH01 _h1538 |
||
| 590 |
_aCONVERSION _b10 _c20130109 _lUCH01 _h1334 |
||
| 650 | 1 | 4 |
_aAnimales domesticos _xMejoramiento. _95909 |
| 650 | 1 | 4 | _aGenética animal. |
| 700 | 0 |
_aOltenacu, E. A. Branford. _983216 |
|
| 700 | 0 |
_aPollak, E. John. _990258 |
|
| 901 | _aBK | ||
| 949 |
_a636.08 V35 _bZ _cLIBRO _d-267 _eLIBRO _h507 _i68157 _si |
||
| 999 |
_c62816 _d62816 |
||